000 00329nam a2200145Ia 4500
008 230917s9999||||xx |||||||||||||| ||und||
040 _e40554
_aMAIN
041 _aEnglish
082 _a823.7 D555B:D
100 _aButt, John
245 0 _aDickens at work
260 _aLondon
_bMethuen
_c1968
300 _a238 p.
942 _cBK
999 _c60291
_d60291